Zriaďovanie záložného práva obcou v daňovom konaní

Právna úprava zriadenia záložného práva podľa zákona 563/2009 o správe daní a o zmene a doplnení niektorých zákonov v z.n.p. Preventívny a reštrikčný aspekt záložného práva. Ilustračné príklady.

Gespeichert in:
Bibliographische Detailangaben
1. Verfasser: Hrtánek, Ladislav
Format: Buchkapitel
Sprache:Slowakisch
Schlagworte:
Tags: Tag hinzufügen
Keine Tags, Fügen Sie das erste Tag hinzu!

MARC

LEADER 00000naa a2200000 4500
001 0257359
005 20190806063200.9
041 0 |a slo 
044 |a SK 
245 1 0 |a Zriaďovanie záložného práva obcou v daňovom konaní  |c Ladislav Hrtánek 
520 |a Právna úprava zriadenia záložného práva podľa zákona 563/2009 o správe daní a o zmene a doplnení niektorých zákonov v z.n.p. Preventívny a reštrikčný aspekt záložného práva. Ilustračné príklady. 
610 2 0 |a právo záložné 
610 2 0 |a konanie daňové 
610 2 0 |a obce 
610 2 0 |a Slovensko 
610 2 0 |a legislatíva 
100 1 |a Hrtánek, Ladislav